000 00366nam a2200157Ia 4500
008 151213s9999 xx 000 0 und d
100 _aJane Austen
245 _aPride & Prejudice
_cJane Austen
250 _a3rd
260 _aNew York
_bNorton
_c2001
300 _a3144 p.
650 _aEnglish
650 _aEnglish
700 _aJane Austen
999 _c2169
_d2169